Statistics for U.S. States by Tenth Largest City

Click here to take the quiz!

General Stats

  • This quiz has been taken 49 times
  • The average score is 23 of 50

Answer Stats

Tenth CityAnswer% Correct
AnaheimCalifornia
96%
Fort LauderdaleFlorida
96%
UticaNew York
87%
LubbockTexas
87%
ChampaignIllinois
78%
KodiakAlaska
76%
AlamogordoNew Mexico
71%
Surprise!Arizona
62%
Pine BluffArkansas
60%
Council BluffsIowa
60%
East OrangeNew Jersey
58%
StillwaterOklahoma
58%
CorvallisOregon
56%
YorkPennsylvania
56%
South JordanUtah
56%
GreenwichConnecticut
53%
LafayetteIndiana
51%
Federal WayWashington
51%
GreeleyColorado
49%
SalinaKansas
47%
Fall RiverMassachusetts
47%
FlorenceSouth Carolina
47%
Boulder CityNevada
44%
PortsmouthVirginia
44%
HoumaLouisiana
42%
Essex JunctionVermont
42%
JanesvilleWisconsin
42%
Ewa GentryHawaii
40%
Post FallsIdaho
40%
LivoniaMichigan
40%
HavreMontana
40%
LorainOhio
40%
SpearfishSouth Dakota
38%
RivertonWyoming
38%
HendersonvilleTennessee
36%
LaurelMaryland
31%
Blue SpringsMissouri
31%
ConcordNorth Carolina
31%
HopkinsvilleKentucky
29%
South KingstonRhode Island
29%
WahpetonNorth Dakota
27%
ClarksburgWest Virginia
27%
MadisonAlabama
24%
Johns CreekGeorgia
24%
WestbrookMaine
24%
ElsmereDelaware
22%
BlaineMinnesota
22%
ColumbusNebraska
20%
ClintonMississippi
18%
HudsonNew Hampshire
18%

Score Distribution

Percentile by Number Answered

Percent of People with Each Score

Your Score History

You have not taken this quiz